|
|
|
|
| LEADER |
00000nab a2200000 a 4500 |
| 001 |
vtls001031359 |
| 003 |
SK-MaSNL |
| 005 |
20260303035805.0 |
| 008 |
040720e20040212xo 0 slo |
| 035 |
|
|
|a SL9913
|
| 040 |
|
|
|a SLLK
|b slo
|c SLLK
|e AACR2
|
| 041 |
0 |
|
|a slo
|
| 044 |
|
|
|a xo
|c SK
|
| 080 |
|
|
|a 347.471
|2 1981
|
| 080 |
|
|
|a 37
|2 1981
|
| 100 |
0 |
|
|a (eo)
|4 aut
|9 848588
|
| 245 |
1 |
0 |
|a Stanovy Amosu
|
| 610 |
2 |
7 |
|a Amos (občianske združenie : Stará Ľubovňa, Slovensko)
|2 SLLK
|9 872860
|
| 650 |
0 |
7 |
|a stanovy
|2 SLLK
|9 28030
|
| 650 |
0 |
7 |
|a rady dozorné
|2 SLLK
|9 863363
|
| 651 |
|
7 |
|a Stará Ľubovňa (Slovensko)
|2 SLLK
|9 19193
|
| 651 |
|
7 |
|a SL,
|2 SLLK
|9 1022390
|
| 655 |
|
7 |
|a periodikum
|2 snkbucl
|9 29553
|
| 710 |
2 |
|
|a Amos (Stará Ľubovňa, Slovensko : občianske združenie)
|4 aut
|9 1023042
|
| 773 |
0 |
8 |
|t Ľubovnianske noviny
|g Roč. 30, č.6, 12.2.2004, s. 1
|
| 852 |
|
|
|a ZVYKNI
|b KIS3GCP
|
| 999 |
|
|
|c 1678921
|d 1680851
|